| 000 | 00736nam a2200217Ii 4500 | ||
|---|---|---|---|
| 003 | JO-AjNU | ||
| 008 | 230605s9999||||xx |||||||||||||| ||und|| | ||
| 017 | _a2013/4/1167 | ||
| 040 |
_aJO-AjNU _bara _erda _cJO-AjNU |
||
| 041 | _aara | ||
| 050 | 1 | 4 | _aQ181.M874 2013 |
| 100 | 3 |
_aمصطفى، جهاد محمد, _eauthor _945040 |
|
| 245 | 0 | 0 | _aطبيعة العلم وفلسفته وتدريس العلوم: دراسة وصفية |
| 250 | _aط العربية | ||
| 264 | 3 | 1 | _aعمان:مكتبة الطليعة، 2013 |
| 300 | _a196ص | ||
| 336 |
_atext _btxt _2rdacontent |
||
| 337 |
_aunmediated _bn _2rdamedia |
||
| 338 |
_avolume _bnc _2rdacarrier |
||
| 650 | 4 |
_aالعلوم -طرق التدريس-تعلم وتعليم _945041 |
|
| 999 |
_aA19495 _c23063 _d23063 |
||